[Event "8th RTU Open 2018"]
[Site "Riga"]
[Date "2018.08.09"]
[Round "6"]
[White "Bluebaum, Karl Ernst"]
[Black "Merry, Alan B"]
[Result "1/2-1/2"]
[WhiteElo "2253"]
[BlackElo "2445"]
[Annotator "NA"]
[PlyCount "114"]
[EventDate "2018.08.06"]
[EventType "swiss"]
[EventCountry "LAT"]
[SourceTitle "playchess.com"]
[Source "ChessBase"]
[SourceQuality "1"]
[TimeControl "5400+30"]

1. d4 {[%emt 0:00:00]} Nf6 {[%emt 0:00:00]} 2. c4 {[%emt 0:00:00]} g6 {[%emt 0:00:00]} 3. Nc3 {[%emt 0:00:14]} Bg7 {[%emt 0:00:00]} 4. e4 {[%emt 0:00:14]} d6 {[%emt 0:00:00]} 5. Nf3 {[%emt 0:00:23]} O-O {[%emt 0:00:00]} 6. Be2 {[%emt 0:00:11]} Nbd7 {[%emt 0:00:04]} 7. O-O {[%emt 0:00:20]} e5 {[%emt 0:00:02]} 8. Be3 {[%emt 0:00:13]} Re8 {[%emt 0:00:21]} 9. d5 {[%emt 0:02:35]} Nh5 {[%emt 0:00:08]} 10. g3 {[%emt 0:00:43]} Bf8 {[%emt 0:00:14]} 11. Ne1 {[%emt 0:01:38]} Ng7 {[%emt 0:00:03]} 12. Nd3 {[%emt 0:00:31]} f5 {[%emt 0:00:08]} 13. f3 {[%emt 0:00:14]} c5 {[%emt 0:00:31]} 14. Qd2 {[%emt 0:16:19]} Be7 {[%emt 0:00:20]} 15. Rae1 {[%emt 0:00:30]} Nf6 {[%emt 0:01:11]} 16. Bd1 {[%emt 0:02:49]} a6 {[%emt 0:04:57]} 17. a4 {[%emt 0:10:03]} Bd7 {[%emt 0:01:49]} 18. Bh6 {[%emt 0:02:20]} fxe4 {[%emt 0:08:07]} 19. fxe4 {[%emt 0:00:56]} Ng4 {[%emt 0:00:42]} 20. Bxg4 {[%emt 0:00:52]} Bxg4 {[%emt 0:00:06]} 21. Nf2 {[%emt 0:00:25]} Bd7 {[%emt 0:00:23]} 22. b3 {[%emt 0:06:46]} Qa5 {[%emt 0:05:16]} 23. Qd3 {[%emt 0:03:04]} Rf8 {[%emt 0:02:06]} 24. Kg2 {[%emt 0:06:40]} Rf7 {[%emt 0:01:58]} 25. Nfd1 {[%emt 0:08:29]} Raf8 {[%emt 0:00:45]} 26. Rxf7 {[%emt 0:00:11]} Rxf7 {[%emt 0:00:05]} 27. Rf1 {[%emt 0:00:13]} Rxf1 {[%emt 0:02:17]} 28. Kxf1 {[%emt 0:00:01]} Ne8 {[%emt 0:00:57]} 29. Bd2 {[%emt 0:00:30]} Nf6 {[%emt 0:01:54]} 30. Nf2 {[%emt 0:02:18]} Ng4 {[%emt 0:01:55]} 31. Ncd1 {[%emt 0:01:19]} Qd8 {[%emt 0:01:13]} 32. Nxg4 {[%emt 0:00:08]} Bxg4 {[%emt 0:00:04]} 33. Nf2 {[%emt 0:00:07]} Bd7 {[%emt 0:00:18]} 34. a5 {[%emt 0:03:45]} b5 {[%emt 0:06:16]} 35. axb6 {[%emt 0:00:09]} Qxb6 {[%emt 0:00:03]} 36. Qf3 {[%emt 0:02:49]} Kg7 {[%emt 0:10:06]} 37. h4 {[%emt 0:04:39]} Qd8 {[%emt 0:19:10]} 38. Kg2 {[%emt 0:08:27]} a5 {[%emt 0:02:14]} 39. Qc3 {[%emt 0:07:13]} a4 {[%emt 0:01:07]} 40. bxa4 {[%emt 0:00:01]} Bxa4 {[%emt 0:00:07]} 41. Qa3 {[%emt 0:00:19]} Qa8 {[%emt 0:06:30]} 42. Bg5 {[%emt 0:02:31]} Bf8 {[%emt 0:04:11]} 43. Ng4 {[%emt 0:05:21]} h5 {[%emt 0:05:07]} 44. Bh6+ {[%emt 0:00:53]} Kg8 {[%emt 0:07:18]} 45. Bxf8 {[%emt 0:01:34]} Kxf8 {[%emt 0:06:27]} 46. Qf3+ {[%emt 0:00:22]} Kg8 {[%emt 0:00:07]} 47. Qf6 {[%emt 0:00:48]} Be8 {[%emt 0:00:48]} 48. Qe6+ {[%emt 0:00:40]} Bf7 {[%emt 0:02:27]} 49. Nh6+ {[%emt 0:00:03]} Kg7 {[%emt 0:00:06]} 50. Nxf7 {[%emt 0:02:06]} Qa2+ {[%emt 0:00:05]} 51. Kg1 {[%emt 0:00:08]} Qb1+ {[%emt 0:00:13]} 52. Kf2 {[%emt 0:00:06]} Qc2+ {[%emt 0:00:37]} 53. Kg1 {[%emt 0:00:03]} Qd1+ {[%emt 0:00:12]} 54. Kf2 {[%emt 0:00:02]} Qd4+ {[%emt 0:01:15]} 55. Kf3 {[%emt 0:00:07]} Qd3+ {[%emt 0:00:37]} 56. Kf2 {[%emt 0:00:01]} Qc2+ {[%emt 0:00:41]} 57. Ke3 {[%emt 0:00:11]} Qc3+ 1/2-1/2

[Event "8th RTU Open 2018"]
[Site "Riga"]
[Date "2018.08.09"]
[Round "6"]
[White "Juknis, Paulius"]
[Black "Korchmar, Vasiliy"]
[Result "0-1"]
[WhiteElo "2231"]
[BlackElo "2415"]
[Annotator "NA"]
[PlyCount "128"]
[EventDate "2018.08.06"]
[EventType "swiss"]
[EventCountry "LAT"]
[SourceTitle "playchess.com"]
[Source "ChessBase"]
[SourceQuality "1"]
[TimeControl "5400+30"]

1. d4 {[%emt 0:00:00]} Nf6 {[%emt 0:00:00]} 2. Nf3 {[%emt 0:00:23]} d5 {[%emt 0:00:17]} 3. Bf4 {[%emt 0:01:21]} c5 {[%emt 0:00:21]} 4. e3 {[%emt 0:00:14]} Nc6 {[%emt 0:00:11]} 5. Nbd2 {[%emt 0:00:12]} cxd4 {[%emt 0:01:34]} 6. exd4 {[%emt 0:00:14]} Qb6 {[%emt 0:00:09]} 7. Nb3 {[%emt 0:00:29]} Bg4 {[%emt 0:00:07]} 8. Be2 {[%emt 0:03:36]} e6 {[%emt 0:00:08]} 9. h3 {[%emt 0:02:12]} Bh5 {[%emt 0:00:23]} 10. O-O {[%emt 0:06:42]} Be7 {[%emt 0:02:28]} 11. a4 {[%emt 0:00:51]} a6 {[%emt 0:01:31]} 12. a5 {[%emt 0:08:36]} Qd8 {[%emt 0:00:17]} 13. Ne5 {[%emt 0:02:35]} Bxe2 {[%emt 0:03:06]} 14. Qxe2 {[%emt 0:00:07]} Rc8 {[%emt 0:00:37]} 15. Nxc6 {[%emt 0:05:09]} Rxc6 {[%emt 0:00:06]} 16. Be5 {[%emt 0:00:28]} O-O {[%emt 0:01:36]} 17. Bxf6 {[%emt 0:00:54]} Bxf6 {[%emt 0:03:11]} 18. c3 {[%emt 0:00:22]} Be7 {[%emt 0:11:22]} 19. Nc1 {[%emt 0:01:43]} Bd6 {[%emt 0:03:32]} 20. Nd3 {[%emt 0:00:33]} Re8 {[%emt 0:12:01]} 21. Qd2 {[%emt 0:10:08]} Qh4 {[%emt 0:07:29]} 22. f4 {[%emt 0:05:55]} Rc7 {[%emt 0:03:04]} 23. Qf2 {[%emt 0:04:45]} Qh6 {[%emt 0:18:07]} 24. Rae1 {[%emt 0:08:20]} g6 {[%emt 0:03:21]} 25. Ne5 {[%emt 0:01:18]} Qg7 {[%emt 0:06:37]} 26. Re3 {[%emt 0:04:58]} Rcc8 {[%emt 0:00:25]} 27. Kh1 {[%emt 0:05:08]} Bc7 {[%emt 0:02:39]} 28. b4 {[%emt 0:01:02]} Bd6 {[%emt 0:04:15]} 29. Qe1 {[%emt 0:02:11]} Rc7 {[%emt 0:01:50]} 30. Nd3 {[%emt 0:00:59]} Rce7 {[%emt 0:04:12]} 31. Qf2 {[%emt 0:01:16]} Qf6 {[%emt 0:00:17]} 32. Ne5 {[%emt 0:00:58]} Rc7 {[%emt 0:01:31]} 33. Qe1 {[%emt 0:07:20]} Rec8 {[%emt 0:03:15]} 34. Ng4 {[%emt 0:01:11]} Qg7 {[%emt 0:00:59]} 35. Rxe6 {[%emt 0:05:25]} fxe6 {[%emt 0:00:04]} 36. Qxe6+ {[%emt 0:00:06]} Kh8 {[%emt 0:00:08]} 37. Qxd6 {[%emt 0:00:07]} Rxc3 {[%emt 0:00:41]} 38. Qxd5 {[%emt 0:00:23]} Rc1 {[%emt 0:01:55]} 39. Rxc1 {[%emt 0:00:12]} Rxc1+ {[%emt 0:00:01]} 40. Kh2 {[%emt 0:00:08]} Qc7 {[%emt 0:00:58]} 41. Ne5 {[%emt 0:00:38]} Rd1 {[%emt 0:01:15]} 42. Qe6 {[%emt 0:01:57]} Kg7 {[%emt 0:03:41]} 43. d5 {[%emt 0:00:48]} Rd4 {[%emt 0:00:02]} 44. f5 {[%emt 0:02:52]} gxf5 {[%emt 0:00:40]} 45. Qxf5 {[%emt 0:00:12]} Qd6 {[%emt 0:01:34]} 46. Qg5+ {[%emt 0:04:52]} Kf8 {[%emt 0:00:02]} 47. Kg1 {[%emt 0:02:22]} Rd1+ {[%emt 0:00:04]} 48. Kf2 {[%emt 0:00:13]} Rxd5 {[%emt 0:01:10]} 49. Qf5+ {[%emt 0:00:12]} Ke8 {[%emt 0:00:39]} 50. Qh5+ {[%emt 0:01:35]} Qg6 {[%emt 0:00:01]} 51. Qxg6+ {[%emt 0:00:26]} hxg6 {[%emt 0:00:01]} 52. Nxg6 {[%emt 0:00:01]} Rb5 {[%emt 0:01:23]} 53. h4 {[%emt 0:00:30]} Kf7 {[%emt 0:00:21]} 54. Nf4 {[%emt 0:00:20]} Rxb4 {[%emt 0:00:04]} 55. Kf3 {[%emt 0:00:20]} Rb5 {[%emt 0:00:09]} 56. g4 {[%emt 0:00:12]} Rxa5 {[%emt 0:00:04]} 57. g5 {[%emt 0:00:15]} Rc5 {[%emt 0:01:40]} 58. Kg4 {[%emt 0:00:24]} a5 {[%emt 0:00:22]} 59. g6+ {[%emt 0:00:22]} Kg8 {[%emt 0:00:53]} 60. h5 {[%emt 0:00:52]} a4 {[%emt 0:00:00]} 61. h6 {[%emt 0:00:45]} a3 {[%emt 0:00:37]} 62. Ne6 {[%emt 0:01:17]} Re5 {[%emt 0:00:44]} 63. Nd8 {[%emt 0:00:43]} a2 {[%emt 0:00:46]} 64. Nf7 {[%emt 0:00:26]} Re8 {[%emt 0:00:26]} 0-1

[Event "8th RTU Open 2018"]
[Site "Riga"]
[Date "2018.08.09"]
[Round "6"]
[White "Priyanka, Nutakki"]
[Black "Lapshun, Yury"]
[Result "1/2-1/2"]
[WhiteElo "2212"]
[BlackElo "2403"]
[Annotator "NA"]
[PlyCount "199"]
[EventDate "2018.08.06"]
[EventType "swiss"]
[EventCountry "LAT"]
[SourceTitle "playchess.com"]
[Source "ChessBase"]
[SourceQuality "1"]
[TimeControl "5400+30"]

1. e4 {[%emt 0:00:41]} Nf6 {[%emt 0:15:51]} 2. e5 {[%emt 0:00:14]} Nd5 {[%emt 0:00:05]} 3. c4 {[%emt 0:00:13]} Nb6 {[%emt 0:00:09]} 4. c5 {[%emt 0:00:08]} Nd5 {[%emt 0:00:03]} 5. Nc3 {[%emt 0:00:06]} c6 {[%emt 0:00:50]} 6. Nxd5 {[%emt 0:01:08]} cxd5 {[%emt 0:00:05]} 7. d4 {[%emt 0:00:19]} b6 {[%emt 0:00:14]} 8. cxb6 {[%emt 0:04:43]} Qxb6 {[%emt 0:00:43]} 9. Nf3 {[%emt 0:01:19]} e6 {[%emt 0:03:00]} 10. Be2 {[%emt 0:02:11]} Nc6 {[%emt 0:00:15]} 11. O-O {[%emt 0:00:51]} Be7 {[%emt 0:00:27]} 12. Rb1 {[%emt 0:02:55]} a5 {[%emt 0:01:13]} 13. Be3 {[%emt 0:02:22]} O-O {[%emt 0:00:25]} 14. h4 {[%emt 0:05:21]} Ba6 {[%emt 0:01:24]} 15. Bxa6 {[%emt 0:04:49]} Qxa6 {[%emt 0:00:41]} 16. h5 {[%emt 0:00:07]} h6 {[%emt 0:01:30]} 17. Nh2 {[%emt 0:03:33]} f5 {[%emt 0:08:01]} 18. exf6 {[%emt 0:02:39]} Bxf6 {[%emt 0:00:05]} 19. Ng4 {[%emt 0:04:41]} Ne7 {[%emt 0:00:19]} 20. Nxf6+ {[%emt 0:20:15]} Rxf6 {[%emt 0:00:37]} 21. g4 {[%emt 0:00:05]} d6 {[%emt 0:08:18]} 22. Rc1 {[%emt 0:08:03]} Qb7 {[%emt 0:01:23]} 23. Qc2 {[%emt 0:04:29]} Rc8 {[%emt 0:00:55]} 24. Qb3 {[%emt 0:07:09]} Qxb3 {[%emt 0:13:51]} 25. Rxc8+ {[%emt 0:00:08]} Nxc8 {[%emt 0:00:03]} 26. axb3 {[%emt 0:00:05]} Na7 {[%emt 0:01:35]} 27. Ra1 {[%emt 0:00:33]} Nc6 {[%emt 0:01:03]} 28. Rc1 {[%emt 0:00:05]} Nb4 {[%emt 0:00:44]} 29. Rc7 {[%emt 0:06:15]} Rf7 {[%emt 0:00:21]} 30. Rc8+ {[%emt 0:00:01]} Rf8 {[%emt 0:00:39]} 31. Rc7 {[%emt 0:00:02]} e5 {[%emt 0:01:22]} 32. Kg2 {[%emt 0:04:41]} Rf7 {[%emt 0:10:30]} 33. Rc8+ {[%emt 0:00:06]} Kh7 {[%emt 0:00:04]} 34. Kg3 {[%emt 0:04:17]} Nd3 {[%emt 0:05:25]} 35. Ra8 {[%emt 0:06:45]} exd4 {[%emt 0:01:03]} 36. Bxd4 {[%emt 0:00:06]} Nc1 {[%emt 0:00:49]} 37. Be3 {[%emt 0:02:04]} Nxb3 {[%emt 0:04:41]} 38. Rb8 {[%emt 0:00:01]} a4 {[%emt 0:00:13]} 39. Rb4 {[%emt 0:00:05]} Re7 {[%emt 0:00:32]} 40. Kf3 {[%emt 0:01:52]} Rf7+ {[%emt 0:02:12]} 41. Kg3 {[%emt 0:00:07]} Nc5 {[%emt 0:08:14]} 42. Rd4 {[%emt 0:00:07]} Ne4+ {[%emt 0:00:41]} 43. Kg2 {[%emt 0:00:01]} Nf6 {[%emt 0:03:15]} 44. Rxa4 {[%emt 0:00:19]} Rb7 {[%emt 0:00:06]} 45. Kf3 {[%emt 0:05:32]} Rxb2 {[%emt 0:01:40]} 46. Ra6 {[%emt 0:00:01]} Rb4 {[%emt 0:01:38]} 47. Rxd6 {[%emt 0:00:39]} Nxg4 {[%emt 0:00:05]} 48. Rxd5 {[%emt 0:00:47]} Nf6 {[%emt 0:00:02]} 49. Ra5 {[%emt 0:00:53]} Rh4 {[%emt 0:00:06]} 50. Kg3 {[%emt 0:00:29]} Rxh5 {[%emt 0:00:05]} 51. Rxh5 {[%emt 0:00:11]} Nxh5+ {[%emt 0:00:03]} 52. Kg2 {[%emt 0:00:35]} Kg6 {[%emt 0:00:06]} 53. Kf3 {[%emt 0:00:47]} Kf5 {[%emt 0:00:09]} 54. Bd2 {[%emt 0:00:23]} Nf6 {[%emt 0:00:22]} 55. Be3 {[%emt 0:00:33]} Ng4 {[%emt 0:00:47]} 56. Ba7 {[%emt 0:00:28]} Ne5+ {[%emt 0:00:09]} 57. Kg3 {[%emt 0:00:04]} Ke4 {[%emt 0:00:19]} 58. Be3 {[%emt 0:00:26]} Kf5 {[%emt 0:01:06]} 59. Bd4 {[%emt 0:00:48]} g6 {[%emt 0:01:23]} 60. Be3 {[%emt 0:00:45]} h5 {[%emt 0:00:29]} 61. Kh4 Nf3+ {[%emt 0:01:18]} 62. Kg3 {[%emt 0:00:38]} Ke4 {[%emt 0:00:13]} 63. Bb6 {[%emt 0:00:51]} g5 {[%emt 0:02:21]} 64. Bd8 {[%emt 0:00:14]} g4 {[%emt 0:01:13]} 65. Bb6 {[%emt 0:00:48]} Kf5 {[%emt 0:00:44]} 66. Bd8 {[%emt 0:00:01]} Ke5 {[%emt 0:00:23]} 67. Bb6 {[%emt 0:00:27]} Kf5 {[%emt 0:00:39]} 68. Bd8 {[%emt 0:00:01]} Nd2 {[%emt 0:00:11]} 69. Kh4 Kg6 {[%emt 0:00:32]} 70. Kg3 {[%emt 0:02:02]} Ne4+ {[%emt 0:00:23]} 71. Kg2 {[%emt 0:00:01]} Nd2 {[%emt 0:00:19]} 72. Kg3 {[%emt 0:00:11]} Nf3 {[%emt 0:00:03]} 73. Kf4 {[%emt 0:01:11]} Nd4 {[%emt 0:00:02]} 74. Kg3 {[%emt 0:00:06]} Kf5 {[%emt 0:01:07]} 75. Kh4 {[%emt 0:00:50]} Ne6 {[%emt 0:00:11]} 76. Bb6 {[%emt 0:00:09]} Kg6 {[%emt 0:00:33]} 77. Kg3 {[%emt 0:00:26]} Ng5 {[%emt 0:00:07]} 78. Bd8 {[%emt 0:00:20]} Nf3 {[%emt 0:01:32]} 79. Bb6 {[%emt 0:00:23]} Kf5 {[%emt 0:00:10]} 80. Bd8 {[%emt 0:00:23]} Ke4 {[%emt 0:01:08]} 81. Bb6 {[%emt 0:00:56]} Kd3 {[%emt 0:00:00]} 82. Bc5 {[%emt 0:01:08]} Ke2 {[%emt 0:01:48]} 83. Bb6 {[%emt 0:00:09]} Kf1 {[%emt 0:00:04]} 84. Bd8 {[%emt 0:00:43]} Kg1 {[%emt 0:01:06]} 85. Bb6 {[%emt 0:00:25]} Kf1 {[%emt 0:00:05]} 86. Bd8 {[%emt 0:00:19]} Ke2 {[%emt 0:00:02]} 87. Bc7 {[%emt 0:00:48]} Kd3 {[%emt 0:00:01]} 88. Bb6 {[%emt 0:00:08]} Ke4 {[%emt 0:00:01]} 89. Bc7 {[%emt 0:00:15]} Kf5 {[%emt 0:00:04]} 90. Bd8 {[%emt 0:00:09]} Nd4 {[%emt 0:00:06]} 91. Kh4 Kg6 {[%emt 0:00:46]} 92. Kg3 {[%emt 0:00:47]} Kh6 {[%emt 0:00:29]} 93. Kg2 {[%emt 0:01:33]} Nf5 {[%emt 0:00:48]} 94. f3 {[%emt 0:00:32]} g3 {[%emt 0:00:02]} 95. Kh3 {[%emt 0:00:21]} Kg6 {[%emt 0:00:21]} 96. Bc7 {[%emt 0:00:10]} h4 {[%emt 0:00:17]} 97. Bd8 {[%emt 0:00:04]} Kh5 98. Bxh4 Nxh4 {[%emt 0:00:32]} 99. Kxg3 {[%emt 0:00:09]} Nxf3 {[%emt 0:00:01]} 100. Kxf3 {[%emt 0:00:08]} 1/2-1/2

[Event "8th RTU Open 2018"]
[Site "Riga"]
[Date "2018.08.09"]
[Round "6"]
[White "Kukk, Sander"]
[Black "Miedema, David"]
[Result "1/2-1/2"]
[WhiteElo "2194"]
[BlackElo "2397"]
[Annotator "NA"]
[PlyCount "109"]
[EventDate "2018.08.06"]
[EventType "swiss"]
[EventCountry "LAT"]
[SourceTitle "playchess.com"]
[Source "ChessBase"]
[SourceQuality "1"]
[TimeControl "5400+30"]

1. b3 {[%emt 0:00:00]} d5 {[%emt 0:02:53]} 2. Bb2 {[%emt 0:00:20]} Bg4 {[%emt 0:00:06]} 3. Nf3 {[%emt 0:00:06]} Nd7 {[%emt 0:00:06]} 4. e3 {[%emt 0:00:44]} c6 {[%emt 0:00:45]} 5. Be2 {[%emt 0:01:05]} e6 {[%emt 0:00:06]} 6. h3 {[%emt 0:01:01]} Bh5 {[%emt 0:00:35]} 7. d3 {[%emt 0:00:49]} f5 {[%emt 0:00:47]} 8. Nbd2 {[%emt 0:01:23]} Ngf6 {[%emt 0:00:29]} 9. O-O {[%emt 0:01:57]} Bd6 {[%emt 0:00:36]} 10. e4 {[%emt 0:06:48]} fxe4 {[%emt 0:04:57]} 11. dxe4 {[%emt 0:01:21]} Bxf3 {[%emt 0:00:09]} 12. Bxf3 {[%emt 0:14:14]} O-O {[%emt 0:00:07]} 13. Re1 {[%emt 0:05:06]} Qc7 {[%emt 0:01:45]} 14. Qe2 {[%emt 0:05:49]} Be5 {[%emt 0:01:11]} 15. Bxe5 {[%emt 0:00:42]} Nxe5 {[%emt 0:00:04]} 16. exd5 {[%emt 0:00:38]} Nxf3+ {[%emt 0:00:04]} 17. Nxf3 {[%emt 0:00:20]} exd5 {[%emt 0:00:03]} 18. c4 {[%emt 0:01:39]} Rae8 {[%emt 0:00:22]} 19. Qd3 {[%emt 0:00:37]} Qf4 {[%emt 0:00:32]} 20. cxd5 {[%emt 0:01:28]} Nxd5 {[%emt 0:00:07]} 21. Qd4 {[%emt 0:01:43]} Qxd4 {[%emt 0:00:34]} 22. Nxd4 {[%emt 0:00:02]} Kf7 {[%emt 0:00:51]} 23. g3 {[%emt 0:02:16]} Re7 {[%emt 0:06:36]} 24. Nf5 {[%emt 0:02:49]} Rxe1+ {[%emt 0:00:08]} 25. Rxe1 {[%emt 0:00:04]} Rd8 {[%emt 0:00:03]} 26. Kg2 {[%emt 0:02:25]} a5 {[%emt 0:04:50]} 27. g4 {[%emt 0:10:34]} Nf4+ {[%emt 0:04:27]} 28. Kg3 {[%emt 0:00:24]} Ne6 {[%emt 0:00:11]} 29. Re3 {[%emt 0:03:15]} b5 {[%emt 0:02:36]} 30. f4 {[%emt 0:03:42]} Rd1 {[%emt 0:01:47]} 31. Rc3 {[%emt 0:04:18]} c5 {[%emt 0:02:02]} 32. Ne3 {[%emt 0:06:53]} Rd4 {[%emt 0:02:46]} 33. f5 {[%emt 0:03:05]} Ng5 {[%emt 0:00:04]} 34. Rc2 {[%emt 0:00:06]} Ke7 {[%emt 0:00:42]} 35. h4 {[%emt 0:01:03]} Ne4+ {[%emt 0:00:03]} 36. Kf3 {[%emt 0:00:05]} a4 {[%emt 0:02:26]} 37. bxa4 {[%emt 0:00:51]} Rxa4 {[%emt 0:00:13]} 38. g5 {[%emt 0:04:47]} Kd6 {[%emt 0:02:45]} 39. Nc4+ {[%emt 0:03:30]} bxc4 {[%emt 0:00:21]} 40. Kxe4 {[%emt 0:00:04]} c3+ {[%emt 0:00:46]} 41. Kd3 {[%emt 0:00:33]} Rxh4 {[%emt 0:00:17]} 42. Rf2 {[%emt 0:01:51]} Rh3+ {[%emt 0:00:27]} 43. Kc2 {[%emt 0:00:17]} Ke7 {[%emt 0:01:10]} 44. f6+ {[%emt 0:00:14]} Kf7 {[%emt 0:00:15]} 45. fxg7+ {[%emt 0:00:22]} Kxg7 {[%emt 0:00:04]} 46. Rf5 {[%emt 0:00:47]} Rh2+ {[%emt 0:00:30]} 47. Kxc3 {[%emt 0:00:08]} Rxa2 {[%emt 0:00:04]} 48. Rxc5 {[%emt 0:00:06]} Re2 {[%emt 0:00:11]} 49. Kd3 {[%emt 0:00:03]} Re6 {[%emt 0:00:08]} 50. Rd5 {[%emt 0:00:09]} Kg6 {[%emt 0:00:05]} 51. Kd2 {[%emt 0:00:12]} Re7 {[%emt 0:00:05]} 52. Kd3 {[%emt 0:00:03]} Kh5 {[%emt 0:00:04]} 53. Kd2 {[%emt 0:00:08]} Kg4 {[%emt 0:00:05]} 54. Kd3 {[%emt 0:00:09]} Kf4 {[%emt 0:00:13]} 55. Ra5 {[%emt 0:00:21] Ke5 Ke4+} 1/2-1/2

[Event "8th RTU Open 2018"]
[Site "Riga"]
[Date "2018.08.09"]
[Round "6"]
[White "Player, Edmund C"]
[Black "Hansen, Mads"]
[Result "0-1"]
[WhiteElo "2194"]
[BlackElo "2387"]
[Annotator "NA"]
[PlyCount "70"]
[EventDate "2018.08.06"]
[EventType "swiss"]
[EventCountry "LAT"]
[SourceTitle "playchess.com"]
[Source "ChessBase"]
[SourceQuality "1"]
[TimeControl "5400+30"]

1. e4 e5 2. Nf3 Nc6 3. Bc4 d6 4. d3 h6 5. c3 Nf6 6. a4 g6 7. O-O Bg7 8. Re1 O-O 9. Nbd2 Re8 10. a5 Be6 11. Bb5 a6 12. Ba4 Nh5 13. d4 exd4 14. Nxd4 Bd7 15. Nxc6 bxc6 16. Nf3 Nf6 17. Qd3 d5 18. e5 Ne4 19. Be3 Bxe5 20. Nxe5 Rxe5 21. f3 Nd6 22. Qd4 Nc4 23. b3 Rxe3 24. Rxe3 Nxe3 25. Qxe3 Qh4 26. Qd4 Qe7 27. Qf2 Re8 28. Kf1 Qe5 29. Re1 Qxc3 30. Rxe8+ Bxe8 31. Qe2 Bd7 32. Qxa6 d4 33. Qc4 Qd2 34. a6 Bf5 35. h3 Bd3+ 0-1

[Event "8th RTU Open 2018"]
[Site "Riga"]
[Date "2018.08.09"]
[Round "6"]
[White "Huber, Philipp"]
[Black "Nikitenko, Mihail"]
[Result "1/2-1/2"]
[WhiteElo "2189"]
[BlackElo "2374"]
[Annotator "NA"]
[PlyCount "111"]
[EventDate "2018.08.06"]
[EventType "swiss"]
[EventCountry "LAT"]
[SourceTitle "playchess.com"]
[Source "ChessBase"]
[SourceQuality "1"]
[TimeControl "5400+30"]

1. d4 {[%emt 0:00:00]} d5 {[%emt 0:00:00]} 2. Bg5 {[%emt 0:00:00]} Nf6 {[%emt 0:00:00]} 3. Bxf6 {[%emt 0:00:00]} exf6 {[%emt 0:00:27]} 4. e3 {[%emt 0:00:07]} Bd6 {[%emt 0:01:07]} 5. Bd3 {[%emt 0:01:23]} f5 {[%emt 0:02:03]} 6. Ne2 {[%emt 0:03:44]} g6 {[%emt 0:00:13]} 7. c4 {[%emt 0:04:37]} dxc4 {[%emt 0:01:28]} 8. Bxc4 {[%emt 0:00:18]} Nd7 {[%emt 0:00:05]} 9. Nbc3 {[%emt 0:00:30]} c6 {[%emt 0:00:14]} 10. h4 {[%emt 0:09:40]} Nf6 {[%emt 0:02:59]} 11. Nf4 {[%emt 0:01:56]} b5 {[%emt 0:04:46]} 12. Be2 {[%emt 0:02:45]} Bxf4 {[%emt 0:02:57]} 13. exf4 {[%emt 0:00:06]} O-O {[%emt 0:05:51]} 14. O-O {[%emt 0:01:13]} Be6 {[%emt 0:02:41]} 15. Bf3 {[%emt 0:02:22]} Qd6 {[%emt 0:01:20]} 16. Qc1 {[%emt 0:03:16]} Rac8 {[%emt 0:09:55]} 17. Rd1 {[%emt 0:03:59]} Rfd8 {[%emt 0:00:37]} 18. g3 {[%emt 0:04:06]} Re8 {[%emt 0:03:54]} 19. Qc2 {[%emt 0:03:29]} a5 {[%emt 0:00:30]} 20. Rac1 {[%emt 0:01:57]} Qb8 {[%emt 0:02:20]} 21. Qd3 {[%emt 0:11:10]} Bc4 {[%emt 0:01:58]} 22. Qc2 {[%emt 0:00:10]} Red8 {[%emt 0:02:59]} 23. b3 {[%emt 0:19:12]} Be6 {[%emt 0:00:27]} 24. Qe2 {[%emt 0:00:41]} Qb7 {[%emt 0:16:55]} 25. Qe5 {[%emt 0:02:25]} Nd5 {[%emt 0:02:55]} 26. h5 {[%emt 0:02:41]} Re8 {[%emt 0:02:27]} 27. h6 {[%emt 0:00:45]} f6 {[%emt 0:00:19]} 28. Qd6 {[%emt 0:00:01]} Rcd8 {[%emt 0:03:13]} 29. Qc5 {[%emt 0:00:22]} Rc8 {[%emt 0:07:23]} 30. Re1 {[%emt 0:00:34]} Nb4 {[%emt 0:02:13]} 31. Re3 {[%emt 0:02:30]} Kf7 {[%emt 0:00:55]} 32. a3 {[%emt 0:06:55]} Nd5 {[%emt 0:03:02]} 33. Rxe6 {[%emt 0:02:57]} Kxe6 {[%emt 0:00:05]} 34. Nxd5 {[%emt 0:00:07]} cxd5 {[%emt 0:00:31]} 35. Bxd5+ {[%emt 0:00:02]} Qxd5 {[%emt 0:00:10]} 36. Re1+ {[%emt 0:00:02]} Qe4 {[%emt 0:00:07]} 37. Rxe4+ {[%emt 0:00:25]} fxe4 {[%emt 0:00:04]} 38. Qxb5 {[%emt 0:00:17]} Red8 {[%emt 0:00:36]} 39. Qxa5 {[%emt 0:01:30]} Rc1+ {[%emt 0:00:11]} 40. Kg2 {[%emt 0:00:02]} Rxd4 {[%emt 0:00:07]} 41. Qb6+ {[%emt 0:00:18]} Rd6 {[%emt 0:00:06]} 42. Qe3 {[%emt 0:00:08]} Rdd1 {[%emt 0:00:16]} 43. Qxe4+ {[%emt 0:00:06]} Kf7 {[%emt 0:00:19]} 44. Qb7+ {[%emt 0:00:07]} Ke6 {[%emt 0:00:07]} 45. Qxh7 {[%emt 0:00:21]} Rg1+ {[%emt 0:00:21]} 46. Kf3 {[%emt 0:00:05]} Rc3+ {[%emt 0:00:04]} 47. Ke2 {[%emt 0:00:06]} Rc2+ {[%emt 0:00:10]} 48. Kd3 {[%emt 0:01:06]} Rxf2 {[%emt 0:00:06]} 49. Qxg6 {[%emt 0:00:27]} Rf3+ {[%emt 0:00:04]} 50. Kc4 {[%emt 0:00:26]} Rgxg3 {[%emt 0:00:21]} 51. Qe8+ {[%emt 0:01:56]} Kf5 {[%emt 0:00:06]} 52. Qd7+ {[%emt 0:06:26]} Kg6 {[%emt 0:00:27]} 53. Qg7+ {[%emt 0:00:22]} Kf5 {[%emt 0:00:05]} 54. Qd7+ {[%emt 0:00:37]} Kg6 {[%emt 0:00:04]} 55. Qg7+ {[%emt 0:01:17]} Kf5 {[%emt 0:00:04]} 56. Qd7+ {[%emt 0:01:27] Ke5} 1/2-1/2